• 首页
  • 本馆介绍
  • 公告通知
  • 最新文献
  • 馆藏检索
  • 电子资源
  • 读者导购
  • 参考咨询
  • 我的图书馆
  • 登录
  • 详细信息显示
  • 放入我的书架
  • 预约/预借图书
  • 作者相关作品
  • 分类相关作品
  • 丛书相关作品
  • 出版社相关作品

书目信息

  • 表格格式
  • 工作单格式
  • 卡片格式
题名:
文言文阅读讲话
    
 
作者: 许宝华 , 严修 编著
分册:  
出版信息: 合肥   安徽人民出版社  1979
页数: 277页
开本: 19cm
丛书名:
单 册:
中图分类: H194.1 , H109.2
科图分类:
主题词: 文言文-阅读教学--自学参考资料 , 阅读教学-文言文--自学参考资料 , 汉语
电子资源:
ISBN:
000 00718nam0 2200265 450
001 1570479087
005 20150123192802.48
010    @dCNY0.62
091    @a9102.18
100    @a19950717d1979 em y0chiy0110 ea
101 0  @achi
102    @aCN@b340000
105    @ay z 000yy
200 1  @a文言文阅读讲话@9wen yan wen yue du jiang hua@f许宝华,严修编著
210    @a合肥@c安徽人民出版社@d1979
215    @a277页@d19cm
606 0  @a文言文-阅读教学@x自学参考资料
606 0  @a阅读教学-文言文@x自学参考资料
606 0  @a汉语
690    @aH194.1@v5
690    @aH109.2@v4
701  0 @a许宝华@9xu bao hua@4编著
701  0 @a严修@9yan xiu@4编著
801  0 @aCN@bTSSF@c20150123
905    @aZUCC@dH109.2@eJY43
    
    文言文阅读讲话/许宝华,严修编著.-合肥:安徽人民出版社,1979
    277页;19cm
    
    
    ISBN :CNY0.62
    
●
相关链接 在E读中查询图书 在五车中查询图书 在当当中查询图书 在豆瓣中查询图书


正题名:文言文阅读讲话     索取号:H109.2/JY43         预约/预借

序号 登录号 条形码 馆藏地/架位号 状态 备注
1 7856385   278563859   学院路分馆/ [索取号:H109.2/JY43] 在馆    
2 7856386   278563868   学院路分馆/ [索取号:H109.2/JY43] 在馆    
3 7856387   278563877   学院路分馆/ [索取号:H109.2/JY43] 在馆    
唐山师范学院图书馆 欢迎您!
大连网信软件有限公司© 版权所有